000 01000 a2200337 4500
999 _c75955
_d25210
001 75955
003 TR-AnTOB
005 20240926145501.0
008 100727n tu 000 0
020 _a9755370773
040 _aTR-AnTOB
_cTR-AnTOB
041 _atur
050 1 4 _aKKX937
_b.T87 1998
090 _aKKX937 .T87
_b1998
100 _aTuranboy, Asuman
_957968
245 0 _aVarakasız kıymetli evrak /
_cAsuman Turanboy.
264 1 _aAnkara :
_bBanka ve Ticaret Hukuku Araştırma Enstitüsü,
_c1998.
300 _axxx, 172 s.
_c21 cm.
336 _2rdacontent
_atext
_btxt
337 _2rdamedia
_aunmediated
_bn
338 _2rdacarrier
_avolume
_bnc
490 0 _aBanka ve Ticaret Hukuku araştırma Enstitüsü ;
_v326
504 _aKaynakça : s. xiii-xxviii.
650 0 _aNegotiable instruments
_zTurkey
_958102
650 7 _aKıymetli evrak
_zTürkiye
_2etuturkob
_958103
902 _a0030873
903 _aMerkez Kütüphane.
942 _cBK
_2lcc
945 _aNG